[Event "SVK-chT2D 1314"]
[Site "Slovakia"]
[Date "2013.10.20"]
[Round "2.8"]
[White "Pristas, Vincent"]
[Black "Kulhomerova, Maria"]
[Result "1-0"]
[WhiteElo "1707"]
[BlackElo "1000"]
[PlyCount "105"]
[EventDate "2013.10.19"]
[EventType "team-tourn"]
[EventRounds "11"]
[EventCountry "SVK"]
[SourceTitle "EXT 2015"]
[Source "ChessBase"]
[SourceDate "2014.11.20"]
[SourceVersion "1"]
[SourceVersionDate "2014.11.20"]
[SourceQuality "1"]
[WhiteTeam "Humenne II"]
[BlackTeam "Kezmarok II"]
[WhiteTeamCountry "SVK"]
[BlackTeamCountry "SVK"]

1. e4 e5 2. Nf3 Nc6 3. Bb5 Nd4 4. Nxd4 exd4 5. 0-0 c6 6. Bc4 d6 7. d3 Nf6 8. Bg5 h6 9. Bh4 Be7 10. Nd2 0-0 11. h3 Nh7 12. Bg3 b5 13. Bb3 a5 14. a4 Bd7 15. axb5 cxb5 16. Bd5 Rc8 17. Nb3 a4 18. Nxd4 Qb6 19. c3 Nf6 20. Ba2 Ne8 21. Kh1 Nc7 22. f4 Ne6 23. Nf5 Bf6 24. Qg4 Kh7 25. e5 g6 26. Nxd6 Nc5 27. Nxc8 Bxc8 28. Qe2 Be7 29. d4 Nb3 30. Bxb3 axb3 31. d5 Qb7 32. Rfd1 Bd8 33. Bf2 Bb6 34. Bxb6 Qxb6 35. Ra3 Rd8 36. Rxb3 Bd7 37. c4 b4 38. Ra1 Qc5 39. Re3 Rc8 40. b3 Qd4 41. Rf1 h5 42. Rd3 Qb6 43. Ra1 Re8 44. Qe3 Qd8 45. Ra7 Kg8 46. c5 Qb8 47. c6 Bf5 48. Rd2 Qb5 49. Rb7 Qf1+ 50. Kh2 Bc8 51. Rc7 f6 52. d6 fxe5 53. d7 1-0

[Event "Tatry op"]
[Site "Tatranske Zruby"]
[Date "2013.10.05"]
[Round "8"]
[White "Kulhomerova, Maria"]
[Black "Nagy, Edmund1111"]
[Result "0-1"]
[WhiteElo "1000"]
[BlackElo "1692"]
[PlyCount "117"]
[EventDate "2013.09.29"]
[EventType "swiss"]
[EventRounds "9"]
[EventCountry "SVK"]
[SourceTitle "EXT 2023"]
[Source "ChessBase"]
[SourceDate "2022.10.05"]
[SourceVersion "1"]
[SourceVersionDate "2022.10.05"]
[SourceQuality "1"]

1. e4 d6 2. d4 Nf6 3. Nc3 g6 4. Nf3 Bg7 5. Be3 0-0 6. Qd2 Ng4 7. h3 Nxe3 8. Qxe3 c6 9. 0-0-0 b5 10. d5 b4 11. Nb1 c5 12. e5 Qa5 13. a3 Ba6 14. c4 Nd7 15. e6 Ne5 16. Nfd2 fxe6 17. dxe6 bxa3 18. Qxa3 Qxa3 19. bxa3 Rxf2 20. Nc3 Bxc4 21. Nce4 Rxf1 22. Nxf1 Nd3+ 23. Kc2 Ne5 24. Ne3 Bxe6 25. Ng5 Bd7 26. Nd5 Ba4+ 27. Kc1 Bxd1 28. Kxd1 Bf6 29. Nxf6+ exf6 30. Ne4 f5 31. Nf6+ Kg7 32. Nd5 Nc4 33. Re1 Ne5 34. Nc7 Rb8 35. Kc2 Kf7 36. Nd5 Rb7 37. Kc3 Nc6 38. Re2 Nd4 39. Re3 Rb3+ 40. Kc4 Rxe3 41. Nxe3 Ke6 42. Nd5 Nc2 43. Nc7+ Kd7 44. Na6 Nxa3+ 45. Kb3 Nb5 46. Kc4 Kc6 47. Nb8+ Kc7 48. Na6+ Kb6 49. Nb8 a5 50. Nd7+ Kc6 51. Nb8+ Kc7 52. Nd7 Nd4 53. Nf6 a4 54. Nd5+ Kc6 55. Nc3 a3 56. Na2 d5+ 57. Kc3 Kb5 58. Nc1 Nc6 59. Kb3 0-1

[Event "Tatry op"]
[Site "Tatranske Zruby"]
[Date "2013.10.02"]
[Round "5"]
[White "Kulhomerova, Maria"]
[Black "Janas, Peter"]
[Result "1-0"]
[WhiteElo "1000"]
[BlackElo "1707"]
[PlyCount "117"]
[EventDate "2013.09.29"]
[EventType "swiss"]
[EventRounds "9"]
[EventCountry "SVK"]
[SourceTitle "EXT 2023"]
[Source "ChessBase"]
[SourceDate "2022.10.05"]
[SourceVersion "1"]
[SourceVersionDate "2022.10.05"]
[SourceQuality "1"]

1. e4 d5 2. exd5 Qxd5 3. Nc3 Qa5 4. Nf3 Bf5 5. a3 e6 6. d4 c6 7. Ne5 Nf6 8. Bf4 Nbd7 9. Nc4 Qd8 10. Bd6 Be7 11. Bxe7 Qxe7 12. Bd3 Bxd3 13. Qxd3 0-0 14. h3 Rfd8 15. Ne4 e5 16. 0-0 exd4 17. Rfe1 Nxe4 18. Rxe4 Qf6 19. Qxd4 Qxd4 20. Rxd4 Nf6 21. Rad1 Rxd4 22. Rxd4 c5 23. Rd1 h5 24. a4 b6 25. Ne5 Kf8 26. Nd7+ Nxd7 27. Rxd7 g6 28. g4 hxg4 29. hxg4 Ke8 30. Rc7 Rd8 31. Rxa7 Rd2 32. Rb7 Rxc2 33. Rxb6 Kd7 34. a5 Rc1+ 35. Kg2 Ra1 36. a6 Kd8 37. Kf3 Kc7 38. Rf6 Kb8 39. Ke4 Ra4+ 40. Kd5 c4 41. Rxf7 Rxa6 42. Rf8+ Kb7 43. Rf7+ Kc8 44. Kxc4 Re6 45. f3 Kd8 46. b4 Ke8 47. Rf4 Kd7 48. b5 Kc7 49. Kd5 Re3 50. Rf6 Rb3 51. b6+ Kb7 52. Rxg6 Rxf3 53. g5 Rf1 54. Rf6 Re1 55. g6 Re8 56. g7 Rg8 57. Rf7+ Kxb6 58. Ke6 Kc6 59. Kf6 1-0

[Event "Tatry op"]
[Site "Tatranske Zruby"]
[Date "2013.09.30"]
[Round "2"]
[White "Orlicek, Karel"]
[Black "Kulhomerova, Maria"]
[Result "1/2-1/2"]
[WhiteElo "1835"]
[BlackElo "1000"]
[PlyCount "61"]
[EventDate "2013.09.29"]
[EventType "swiss"]
[EventRounds "9"]
[EventCountry "SVK"]
[SourceTitle "EXT 2023"]
[Source "ChessBase"]
[SourceDate "2022.10.05"]
[SourceVersion "1"]
[SourceVersionDate "2022.10.05"]
[SourceQuality "1"]

1. Nf3 Nc6 2. d4 d5 3. c3 Nf6 4. Bg5 e6 5. e3 h6 6. Bh4 Bd6 7. Bd3 e5 8. dxe5 Nxe5 9. Nxe5 Bxe5 10. Nd2 Bd7 11. Nf3 Bd6 12. Qc2 Qe7 13. Nd4 0-0-0 14. 0-0-0 g5 15. Bg3 Bxg3 16. hxg3 Ne4 17. Bxe4 Qxe4 18. Qxe4 dxe4 19. Nb3 b6 20. Rd4 f5 21. Rhd1 c5 22. Rd6 Ba4 23. R1d2 c4 24. Rxd8+ Rxd8 25. Nd4 Bd7 26. Rd1 Kc7 27. Rd2 h5 28. a3 Rh8 29. Ne2 h4 30. Rd1 Rd8 31. Nd4 1/2-1/2